[Event "TCh-RUS Women 2020"]
[Site "Sochi RUS"]
[Date "2020.11.22"]
[Round "4.2"]
[Board "1"]
[White "Protopopova, Anastasiya"]
[Black "Bodnaruk, Anastasia"]
[Result "0-1"]
[WhiteTitle "WFM"]
[BlackTitle "IM"]
[WhiteElo "2267"]
[BlackElo "2414"]
[WhiteTeam "Moskovskaya oblast"]
[BlackTeam "SShOR ShSh-1 (g.Sankt-Peterburg)"]
[WhiteFideId "24172073"]
[BlackFideId "4181751"]
[EventDate "2020.11.19"]

1. d4 Nf6 2. c4 g6 3. Nc3 Bg7 4. e4 d6 5. h3 O-O 6. Nf3 e5 7. d5 Nh5 8. g3 Qe8
9. Be2 f5 10. exf5 gxf5 11. Ng5 Nf6 12. Rg1 c6 13. Be3 c5 14. Qc2 e4 15. g4 Kh8
16. gxf5 Bxf5 17. Bg4 Nxg4 18. hxg4 Bg6 19. Ncxe4 Qe5 20. f4 Rxf4 21. Bxf4 Qxf4
22. Qf2 Qe5 23. Rh1 Nd7 24. Rxh7+ Kg8 25. Rxg7+ Kxg7 26. O-O-O Rh8 27. Ne6+ Kg8
28. Ng3 Rh3 29. Rg1 Nf6 30. g5 Rh2 31. Qxh2 Qe3+ 32. Kd1 Ng4 33. Qe2 Qxg1+ 34.
Nf1 Bd3 35. Qf3 Qxf1+ 36. Qxf1 Bxf1 37. b3 b5 38. Ke1 Bd3 39. Kd2 bxc4 40. Kc3
Ne5 41. Nc7 Kf7 42. Nb5 cxb3 43. Nxd6+ Ke7 44. Nc8+ Kd7 45. Nxa7 bxa2 46. Kb2
Bc4 47. d6 Nd3+ 48. Ka1 Nb4 0-1

[Event "TCh-RUS Women 2020"]
[Site "Sochi RUS"]
[Date "2020.11.22"]
[Round "4.2"]
[Board "2"]
[White "Ovod, Evgenija"]
[Black "Lysenko, Margarita"]
[Result "1-0"]
[WhiteTitle "IM"]
[BlackTitle "WFM"]
[WhiteElo "2338"]
[BlackElo "2237"]
[WhiteTeam "SShOR ShSh-1 (g.Sankt-Peterburg)"]
[BlackTeam "Moskovskaya oblast"]
[WhiteFideId "4131827"]
[BlackFideId "34100200"]
[EventDate "2020.11.19"]

1. e4 c5 2. Ne2 d6 3. g3 g6 4. Bg2 Bg7 5. c3 Nc6 6. d4 cxd4 7. cxd4 Bg4 8. f3
Bd7 9. Nbc3 Nf6 10. Be3 O-O 11. O-O e5 12. d5 Ne7 13. a4 Ne8 14. a5 Nc7 15. Qb3
Qb8 16. Rfc1 Kh8 17. Qa3 Ne8 18. Qb4 f5 19. Ra3 Nf6 20. h3 Nh5 21. Rb3 Nxg3 22.
Qxb7 Nxe2+ 23. Nxe2 Qd8 24. Qc7 Bc8 25. Qxd8 Rxd8 26. Rc7 Ng8 27. Rxa7 Ba6 28.
Rxa8 Rxa8 29. Nc3 Bf6 30. Ra3 Bd8 31. b4 Bc4 32. Bf1 Bxf1 33. Kxf1 Ne7 34. a6
Nc8 35. a7 Kg7 36. Ra6 Kf7 37. b5 Ke7 38. Na4 f4 39. b6 Nxa7 40. Rxa7+ 1-0

[Event "TCh-RUS Women 2020"]
[Site "Sochi RUS"]
[Date "2020.11.22"]
[Round "4.2"]
[Board "4"]
[White "Chernyak, Viktoria"]
[Black "Smirnova, Ekaterina"]
[Result "1-0"]
[WhiteTitle "WGM"]
[BlackTitle "WIM"]
[WhiteElo "2325"]
[BlackElo "2239"]
[WhiteTeam "SShOR ShSh-1 (g.Sankt-Peterburg)"]
[BlackTeam "Moskovskaya oblast"]
[WhiteFideId "24165956"]
[BlackFideId "4110943"]
[EventDate "2020.11.19"]

1. c4 c6 2. Nf3 Nf6 3. g3 d5 4. Bg2 Bg4 5. Ne5 Be6 6. cxd5 Bxd5 7. Nf3 c5 8. Nc3
Bc6 9. O-O e6 10. Re1 Nbd7 11. e4 e5 12. d3 g6 13. a3 Be7 14. Bh6 Ng4 15. Bd2
O-O 16. Nd5 Ngf6 17. Nxe7+ Qxe7 18. b4 b6 19. Qb3 Rfd8 20. Bc3 Rac8 21. Qb2 Re8
22. b5 Bb7 23. Nd2 Nh5 24. Nc4 f6 25. Re3 Rb8 26. Rf1 g5 27. Qe2 Ng7 28. f4 gxf4
29. gxf4 exf4 30. Rxf4 Ne5 31. Rg3 Kh8 32. Nxe5 fxe5 33. Rfg4 Nh5 34. Rh3 Qf7
35. Rxh5 1-0

[Event "TCh-RUS Women 2020"]
[Site "Sochi RUS"]
[Date "2020.11.22"]
[Round "4.3"]
[Board "3"]
[White "Tomilova, Elena"]
[Black "Khokhlova, Daria"]
[Result "1/2-1/2"]
[WhiteTitle "WGM"]
[WhiteElo "2358"]
[BlackElo "2196"]
[WhiteTeam "Kimmeriya (Respublika Krym)"]
[BlackTeam "Amazonki QDDA (Kurskaya oblast)"]
[WhiteFideId "4162340"]
[BlackFideId "24182729"]
[EventDate "2020.11.19"]

1. c4 e5 2. g3 Nf6 3. Bg2 d5 4. cxd5 Nxd5 5. Nf3 Nc6 6. O-O Be7 7. Nc3 Nb6 8. a3
O-O 9. b4 a6 10. d3 Be6 11. Bb2 f6 12. Rc1 Qd7 13. Ne4 Bd5 14. Nc5 Bxc5 15. bxc5
Nc8 16. Qa4 Rd8 17. Rfd1 N8e7 18. Rb1 Ba2 19. Ra1 Bd5 20. Rab1 Ba2 21. Ra1 Bd5
22. Rab1 1/2-1/2

[Event "TCh-RUS Women 2020"]
[Site "Sochi RUS"]
[Date "2020.11.22"]
[Round "4.3"]
[Board "4"]
[White "Mukhina, Jana"]
[Black "Potapova, Margarita"]
[Result "1/2-1/2"]
[WhiteTitle "WFM"]
[BlackTitle "WIM"]
[WhiteElo "2012"]
[BlackElo "2266"]
[WhiteTeam "Amazonki QDDA (Kurskaya oblast)"]
[BlackTeam "Kimmeriya (Respublika Krym)"]
[WhiteFideId "34115428"]
[BlackFideId "14126869"]
[EventDate "2020.11.19"]

1. e4 c5 2. Nf3 d6 3. Bb5+ Nd7 4. d4 cxd4 5. Qxd4 a6 6. Bxd7+ Bxd7 7. c4 b5 8.
Nc3 e5 9. Qd3 bxc4 10. Qxc4 Be6 11. Qc6+ Bd7 12. Qc4 h6 13. Nd2 Nf6 14. Nf1 Be6
15. Qc6+ Bd7 16. Qc4 Qb6 17. Ne3 Rc8 18. Qe2 Be6 19. O-O Be7 20. Rd1 O-O 21.
Ned5 Nxd5 22. Nxd5 Bxd5 23. Rxd5 Qb4 24. b3 Rc2 25. Qxa6 Qxe4 26. Qd3 Qe1+ 27.
Qf1 Qc3 28. Ba3 Ra8 29. Rd3 Qc6 30. b4 Qc4 31. Rb3 Qd4 32. Rd1 Qb6 33. b5 Rxa2
34. Bc1 Qb7 35. Qd3 Rc8 36. Be3 d5 37. Qf5 d4 38. Bxh6 Rc3 39. Rxc3 dxc3 40. Qg4
g6 1/2-1/2

[Event "TCh-RUS Women 2020"]
[Site "Sochi RUS"]
[Date "2020.11.22"]
[Round "4.4"]
[Board "2"]
[White "Yakimova, Mariya"]
[Black "Semenova, Elena1"]
[Result "1-0"]
[WhiteTitle "WFM"]
[BlackTitle "WIM"]
[WhiteElo "2244"]
[BlackElo "2299"]
[WhiteTeam "Ladya (Respublika Tatarstan)"]
[BlackTeam "Achimgaz QNAO (QNAO)"]
[WhiteFideId "34188859"]
[BlackFideId "24125148"]
[EventDate "2020.11.19"]

1. d4 d5 2. Nf3 c6 3. g3 e6 4. Bg2 Nf6 5. O-O Nbd7 6. c4 dxc4 7. Nc3 b5 8. e4
Bb7 9. e5 Nd5 10. Ng5 Be7 11. Qh5 g6 12. Qh6 Bf8 13. Qh3 Be7 14. Nce4 Qb6 15.
Nd6+ Bxd6 16. exd6 Qxd4 17. Nxe6 fxe6 18. Qxe6+ Kd8 19. Bg5+ Kc8 20. Rfe1 Nf6
21. Bh3 Kb8 22. Rad1 Qxb2 23. Re2 Qc3 24. Bxf6 Nxf6 25. Qf7 Qa5 26. Re7 Qb6 27.
Qxf6 Qd8 28. Qf7 Qb6 29. Re8+ 1-0

[Event "TCh-RUS Women 2020"]
[Site "Sochi RUS"]
[Date "2020.11.22"]
[Round "4.4"]
[Board "3"]
[White "Vasilevich, Irina"]
[Black "Nasyrova, Ekaterina"]
[Result "1/2-1/2"]
[WhiteTitle "IM"]
[BlackTitle "WFM"]
[WhiteElo "2258"]
[BlackElo "2261"]
[WhiteTeam "Achimgaz QNAO (QNAO)"]
[BlackTeam "Ladya (Respublika Tatarstan)"]
[WhiteFideId "4141296"]
[BlackFideId "44157797"]
[EventDate "2020.11.19"]

1. e4 e5 2. Nf3 Nc6 3. Bc4 Bc5 4. O-O Nf6 5. d3 O-O 6. c3 Bb6 7. a4 d6 8. h3 a5
9. Re1 Ne7 10. Bg5 Ng6 11. d4 h6 12. Nh4 Kh7 13. Nxg6 fxg6 14. Bh4 Qe8 15. Bxf6
Rxf6 16. Na3 Qf8 17. Qd2 Rf4 18. Bb3 g5 19. Nc4 Ba7 20. Ne3 c6 21. Rad1 g6 22.
dxe5 dxe5 23. Qd6 Qxd6 24. Rxd6 Bb6 25. g3 Rf8 26. Kg2 Bc7 27. Rd3 Kg7 28. Red1
Kf6 29. Rd7 Bxd7 30. Rxd7 h5 31. Rxc7 Rac8 32. Rxc8 Rxc8 33. Nc4 Ra8 34. Nb6 Rd8
35. Kf3 h4 36. gxh4 gxh4 37. Nc4 b5 38. Nxa5 Rd2 39. axb5 cxb5 40. Bd5 Rxb2 41.
c4 b4 42. c5 Rc2 43. c6 Ke7 44. Kg4 Rxf2 45. Kxh4 Rg2 46. Nc4 b3 47. c7 Kd7 48.
Nxe5+ Kxc7 49. Bxb3 Kd6 50. Ng4 Ke7 51. Bd5 Kf8 52. Kg5 Kg7 53. Kf4 Rd2 54. Be6
Rd3 55. Ne3 Kf6 56. Bd5 g5+ 57. Kf3 Ke5 58. Ke2 Rc3 59. Kd2 Rc7 60. Kd3 Rh7 61.
Nc4+ Kf6 62. e5+ Ke7 63. Bg2 Ke6 64. Kd4 Rh4+ 65. Kc5 Rxc4+ 66. Kxc4 Kxe5 67.
Bb7 Kf6 68. Kd4 Kg7 69. Ke5 Kh8 70. Kf6 Kg8 1/2-1/2

[Event "TCh-RUS Women 2020"]
[Site "Sochi RUS"]
[Date "2020.11.22"]
[Round "4.4"]
[Board "4"]
[White "Artemyeva, Olga"]
[Black "Stroganova, Karina"]
[Result "1/2-1/2"]
[WhiteTitle "WFM"]
[WhiteElo "2069"]
[BlackElo "1826"]
[WhiteTeam "Ladya (Respublika Tatarstan)"]
[BlackTeam "Achimgaz QNAO (QNAO)"]
[WhiteFideId "4138422"]
[BlackFideId "24140546"]
[EventDate "2020.11.19"]

1. e4 d5 2. exd5 Qxd5 3. Nc3 Qd6 4. d4 Nf6 5. Nf3 c6 6. Ne5 Nbd7 7. Bf4 Nxe5 8.
dxe5 Qb4 9. Qd2 Ne4 10. Nxe4 Qxe4+ 11. Be2 Qxg2 12. O-O-O Be6 13. Bc4 Qh3 14.
Bf1 Qf3 15. Bc4 Qh3 16. Bf1 Qf3 17. Bc4 Qh3 1/2-1/2

[Event "TCh-RUS Women 2020"]
[Site "Sochi RUS"]
[Date "2020.11.22"]
[Round "4.5"]
[Board "1"]
[White "Goltseva, Ekaterina"]
[Black "Getman, Tatyana"]
[Result "1-0"]
[WhiteTitle "FM"]
[BlackTitle "WFM"]
[WhiteElo "2306"]
[BlackElo "2303"]
[WhiteTeam "FShNO (Nizhegorodskaya oblast)"]
[BlackTeam "SShOR ShSh-2 (g.Sankt-Peterburg)"]
[WhiteFideId "24173770"]
[BlackFideId "34166146"]
[EventDate "2020.11.19"]

1. d4 Nf6 2. c4 e6 3. Nf3 d5 4. Nc3 Bb4 5. g3 O-O 6. Bg2 b6 7. O-O Bb7 8. Ne5
Nbd7 9. Qa4 Nxe5 10. dxe5 Bxc3 11. bxc3 Nd7 12. Ba3 Re8 13. f4 f6 14. cxd5 exd5
15. Rad1 c6 16. e4 fxe5 17. exd5 c5 18. c4 exf4 19. Rxf4 Rf8 20. Rxf8+ Nxf8 21.
Qb3 Qd7 22. Bb2 Re8 23. Qc3 Re7 24. Re1 Rxe1+ 25. Qxe1 Qg4 26. Qe5 Ba6 27. Bf3
Qg6 28. Be2 Nd7 29. Qc3 Nf6 30. Bd3 Qg4 31. Qe1 Bxc4 32. h3 Qxh3 33. Bxf6 gxf6
34. Bxc4 Kf8 35. d6 Qd7 36. Qd2 b5 37. Bxb5 Qh3 38. Qe3 Qg4 39. Be2 Qd7 40. Qh6+ 1-0

[Event "TCh-RUS Women 2020"]
[Site "Sochi RUS"]
[Date "2020.11.22"]
[Round "4.5"]
[Board "3"]
[White "Zavivaeva, Emilia"]
[Black "Yurasova, Daria"]
[Result "1-0"]
[WhiteTitle "WCM"]
[WhiteElo "1790"]
[BlackElo "2075"]
[WhiteTeam "FShNO (Nizhegorodskaya oblast)"]
[BlackTeam "SShOR ShSh-2 (g.Sankt-Peterburg)"]
[WhiteFideId "34127531"]
[BlackFideId "34146919"]
[EventDate "2020.11.19"]

1. e4 e5 2. Nf3 Nc6 3. Nc3 Nf6 4. d4 exd4 5. Nxd4 Bb4 6. Nxc6 bxc6 7. Bd3 d5 8.
exd5 cxd5 9. O-O O-O 10. Bg5 c6 11. Qf3 Be7 12. Rfe1 h6 13. Bxh6 gxh6 14. Qe3
Kg7 15. Qxe7 Qxe7 16. Rxe7 c5 17. b3 Be6 18. Nb5 Nd7 19. Nc7 Kf6 20. Nxd5+ Bxd5
21. Rxd7 Be6 22. Rc7 Rfc8 23. Rxc8 Rxc8 24. Re1 a5 25. Re4 Rg8 26. Rh4 Kg5 27.
g3 f5 28. f4+ Kg6 29. Rg4+ Kf6 30. Rxg8 Bxg8 31. Bc4 Bh7 32. h3 Bg6 33. Kf2 Be8
34. g4 Bd7 35. Kg3 Bc6 36. Bd3 fxg4 37. hxg4 Be8 38. Kf3 Bc6+ 39. Be4 Bb5 40.
Bd5 Bd7 41. Kg3 Be8 42. Be4 Bf7 43. Kh4 c4 44. g5+ hxg5+ 45. fxg5+ Ke5 46. Bh7
Kd4 47. g6 Bd5 48. g7 cxb3 49. cxb3 Kc3 50. g8=Q Bxg8 51. Bxg8 Kb2 52. Kg4 1-0

[Event "TCh-RUS Women 2020"]
[Site "Sochi RUS"]
[Date "2020.11.22"]
[Round "4.5"]
[Board "4"]
[White "Balaian, Alina"]
[Black "Zavivaeva, Evelina"]
[Result "1-0"]
[WhiteTitle "WIM"]
[BlackTitle "WCM"]
[WhiteElo "2243"]
[BlackElo "1589"]
[WhiteTeam "SShOR ShSh-2 (g.Sankt-Peterburg)"]
[BlackTeam "FShNO (Nizhegorodskaya oblast)"]
[WhiteFideId "24115347"]
[BlackFideId "44127839"]
[EventDate "2020.11.19"]

1. e4 e5 2. Nf3 Nc6 3. Bc4 Bc5 4. O-O d6 5. c3 Nf6 6. d4 exd4 7. cxd4 Bb6 8. h3
O-O 9. Nc3 Re8 10. Re1 Bd7 11. a3 Na5 12. Ba2 c5 13. dxc5 dxc5 14. e5 Nh5 15.
Ng5 1-0

[Event "TCh-RUS Women 2020"]
[Site "Sochi RUS"]
[Date "2020.11.22"]
[Round "4.6"]
[Board "1"]
[White "Grigorieva, Yulia"]
[Black "Elnikova, Milena"]
[Result "1-0"]
[WhiteTitle "WFM"]
[WhiteElo "2343"]
[BlackElo "1435"]
[WhiteTeam "SK Tolpar (Respublika Bashkortostan)"]
[BlackTeam "NIU BelGU (Belgorodskaya oblast)"]
[WhiteFideId "34104868"]
[BlackFideId "54151503"]
[EventDate "2020.11.19"]

1. d4 f5 2. e4 fxe4 3. Nc3 Nf6 4. Bg5 g6 5. Bc4 Bg7 6. Nge2 Nc6 7. O-O d6 8. Nf4
e5 9. Nfd5 h6 10. Bxf6 Bxf6 11. Nxe4 Bg7 12. dxe5 Nxe5 13. Bb3 c6 14. f4 Nf7 15.
f5 Bxf5 16. Ne3 d5 17. Nxf5 gxf5 18. Ng3 O-O 19. Nxf5 Ng5 20. Qg4 Qf6 21. c4
Rad8 22. cxd5 cxd5 23. Rad1 Nf7 24. Bxd5 Kh8 25. Nxg7 Qxg7 26. Qxg7+ Kxg7 27.
Bxb7 Rfe8 28. Bd5 Ne5 29. h3 Re7 30. b4 Red7 31. Bb3 Nd3 32. a3 Nb2 33. Rf7+
Rxf7 34. Rxd8 Rc7 35. Rd2 Rc1+ 36. Kh2 Nc4 37. Rd7+ 1-0

[Event "TCh-RUS Women 2020"]
[Site "Sochi RUS"]
[Date "2020.11.23"]
[Round "5.1"]
[Board "1"]
[White "Shuvalova, Polina"]
[Black "Bodnaruk, Anastasia"]
[Result "1-0"]
[WhiteTitle "IM"]
[BlackTitle "IM"]
[WhiteElo "2454"]
[BlackElo "2414"]
[WhiteTeam "FShM (Moskva)"]
[BlackTeam "SShOR ShSh-1 (g.Sankt-Peterburg)"]
[WhiteFideId "24171760"]
[BlackFideId "4181751"]
[EventDate "2020.11.19"]

1. d4 Nf6 2. c4 g6 3. Nc3 Bg7 4. e4 d6 5. Nf3 O-O 6. Be2 e5 7. O-O Nc6 8. d5 Ne7
9. Bg5 Nh5 10. Re1 h6 11. Bd2 Nf4 12. Bf1 g5 13. g3 Nfg6 14. h3 f5 15. c5 a6 16.
cxd6 cxd6 17. a4 b6 18. Bg2 fxe4 19. Nxe4 g4 20. hxg4 Bxg4 21. Qb3 Nf5 22. Rac1
Nge7 23. Nh2 Nd4 24. Qa3 Bh5 25. Nxd6 Ne2+ 26. Rxe2 Bxe2 27. Nb7 Qd7 28. d6 Ng6
29. Qe3 Bg4 30. Bd5+ Kh8 31. Rc7 Qf5 32. f3 Bh3 33. Rxg7 Qb1+ 34. Kf2 Rxf3+ 35.
Bxf3 Kxg7 36. Qxh6+ Kf6 37. Qxh3 Rh8 38. Ng4+ Ke6 39. Nh6+ Kf6 40. Qd7 Rxh6 41.
Bxh6 Qxb2+ 42. Be2 1-0

[Event "TCh-RUS Women 2020"]
[Site "Sochi RUS"]
[Date "2020.11.23"]
[Round "5.1"]
[Board "2"]
[White "Ovod, Evgenija"]
[Black "Kovalevskaya, Ekaterina"]
[Result "1/2-1/2"]
[WhiteTitle "IM"]
[BlackTitle "IM"]
[WhiteElo "2338"]
[BlackElo "2386"]
[WhiteTeam "SShOR ShSh-1 (g.Sankt-Peterburg)"]
[BlackTeam "FShM (Moskva)"]
[WhiteFideId "4131827"]
[BlackFideId "4116704"]
[EventDate "2020.11.19"]

1. e4 c5 2. Nf3 Nc6 3. d4 cxd4 4. Nxd4 e5 5. Nb5 d6 6. c4 Be7 7. N1c3 a6 8. Na3
Nf6 9. Nc2 O-O 10. Be2 Be6 11. O-O Rc8 12. Be3 h6 13. f3 Ne8 14. Nd5 f5 15. exf5
Bxf5 16. Bb6 Qd7 17. Nce3 Be6 18. f4 Nf6 19. Nxf6+ Bxf6 20. f5 Bf7 21. Nd5 Bxd5
22. Qxd5+ Kh8 23. Rad1 Nd4 24. Bd3 Qc6 25. Qxc6 bxc6 26. Bxd4 exd4 27. c5 a5 28.
cxd6 Rfd8 29. Rc1 c5 30. Rc4 Rxd6 31. Rfc1 Rd5 32. Kf2 Re5 33. Re1 Rce8 34. Rxe5
Rxe5 35. Ra4 Bd8 36. Ra3 Kg8 37. Rb3 Kf8 38. Rb7 c4 39. Bxc4 Rxf5+ 40. Ke2 Bf6
41. Rb5 Rxb5 42. Bxb5 d3+ 43. Kxd3 Bxb2 1/2-1/2

[Event "TCh-RUS Women 2020"]
[Site "Sochi RUS"]
[Date "2020.11.23"]
[Round "5.1"]
[Board "3"]
[White "Bivol, Alina"]
[Black "Styazhkina, Anna"]
[Result "1/2-1/2"]
[WhiteTitle "WGM"]
[BlackTitle "WIM"]
[WhiteElo "2373"]
[BlackElo "2319"]
[WhiteTeam "FShM (Moskva)"]
[BlackTeam "SShOR ShSh-1 (g.Sankt-Peterburg)"]
[WhiteFideId "4100123"]
[BlackFideId "24119300"]
[EventDate "2020.11.19"]

1. e4 e5 2. Nf3 Nc6 3. Bc4 Bc5 4. c3 Nf6 5. d4 exd4 6. e5 d5 7. Be2 Ne4 8. cxd4
Bb6 9. O-O Bg4 10. Be3 O-O 11. Nc3 Qd7 12. Rc1 Rad8 13. h3 Bh5 14. Na4 f6 15.
exf6 Nxf6 16. a3 Rde8 17. b4 Bxf3 18. Bxf3 Ne4 19. Bg4 Qd6 20. Nc5 Bxc5 21. bxc5
Qd8 22. Qa4 a6 23. Rc2 Qf6 24. Qb3 Rd8 25. Qxb7 Nxd4 26. Bxd4 Qxd4 27. Qxc7 Nd2
28. Rxd2 Qxd2 29. c6 Qc2 30. Qb7 Rb8 31. Qd7 Rbd8 32. Qb7 Rb8 33. Qd7 Rbd8 34.
Qb7 1/2-1/2

[Event "TCh-RUS Women 2020"]
[Site "Sochi RUS"]
[Date "2020.11.23"]
[Round "5.1"]
[Board "4"]
[White "Chernyak, Viktoria"]
[Black "Voit, Daria"]
[Result "1/2-1/2"]
[WhiteTitle "WGM"]
[BlackTitle "WGM"]
[WhiteElo "2325"]
[BlackElo "2353"]
[WhiteTeam "SShOR ShSh-1 (g.Sankt-Peterburg)"]
[BlackTeam "FShM (Moskva)"]
[WhiteFideId "24165956"]
[BlackFideId "4182146"]
[EventDate "2020.11.19"]

1. Nf3 d5 2. g3 Nf6 3. Bg2 c5 4. O-O Nc6 5. d4 e6 6. c4 dxc4 7. Ne5 Nxe5 8. dxe5
Nd7 9. f4 Rb8 10. a4 a6 11. a5 Be7 12. Qa4 O-O 13. Qxc4 b5 14. axb6 Nxb6 15. Qc2
c4 16. Nd2 Qc7 17. Ne4 Nd5 18. Kh1 Bb7 19. Bd2 Rfc8 20. Rfc1 Qb6 21. Ba5 Qa7 22.
Bf3 Ne3 23. Qd2 Ng4 24. Bxg4 Bxe4+ 25. Bf3 Bxf3+ 26. exf3 Qb7 27. Bc3 Qxf3+ 28.
Qg2 Qc6 29. Qxc6 Rxc6 30. Ra4 Kf8 31. Kg2 Ke8 32. Rca1 Ra8 33. Rd1 f5 34. Kf3
Ra7 35. Rd4 Rac7 36. Rd1 g5 37. h3 h5 38. Rd4 g4+ 39. hxg4 hxg4+ 40. Ke2 Rc8 41.
Be1 Rb8 42. Bc3 Rbc8 43. Be1 Rb8 1/2-1/2

[Event "TCh-RUS Women 2020"]
[Site "Sochi RUS"]
[Date "2020.11.23"]
[Round "5.2"]
[Board "1"]
[White "Shafigullina, Zarina"]
[Black "Pogonina, Natalija"]
[Result "1/2-1/2"]
[WhiteTitle "WFM"]
[BlackTitle "WGM"]
[WhiteElo "2302"]
[BlackElo "2475"]
[WhiteTeam "Ladya (Respublika Tatarstan)"]
[BlackTeam "Yugra (KhMAO-Yugra)"]
[WhiteFideId "24174220"]
[BlackFideId "4147855"]
[EventDate "2020.11.19"]

1. d4 Nf6 2. Nf3 d5 3. c4 e6 4. g3 Bb4+ 5. Bd2 Be7 6. Bg2 O-O 7. O-O Nbd7 8. Qc2
c6 9. Bf4 b6 10. cxd5 cxd5 11. Rc1 Bb7 12. Bc7 Qe8 13. Qb3 Nb8 14. a4 Na6 15.
Bf4 Ne4 16. Nc3 Nxc3 17. bxc3 Rc8 18. a5 b5 19. Rcb1 Nc7 20. a6 Bc6 21. Ne5 Bd6
22. Nxc6 Qxc6 23. c4 Bxf4 24. cxb5 Nxb5 25. Qxb5 Qxb5 26. Rxb5 Bc7 27. e4 dxe4
28. Bxe4 Bd6 29. Rb7 Rc7 30. Rab1 g5 31. Rxc7 Bxc7 32. Rb7 Bb8 33. g4 Rd8 34. d5
exd5 35. Bxd5 Bxh2+ 36. Kxh2 Rxd5 37. Rxa7 Ra5 38. Kg2 Kg7 39. Ra8 Ra4 40. f3
Ra2+ 41. Kf1 Kf6 42. a7 h6 43. Ke1 Kg7 44. Kf1 1/2-1/2

[Event "TCh-RUS Women 2020"]
[Site "Sochi RUS"]
[Date "2020.11.23"]
[Round "5.2"]
[Board "2"]
[White "Badelka, Olga"]
[Black "Yakimova, Mariya"]
[Result "1-0"]
[WhiteTitle "IM"]
[BlackTitle "WFM"]
[WhiteElo "2427"]
[BlackElo "2244"]
[WhiteTeam "Yugra (KhMAO-Yugra)"]
[BlackTeam "Ladya (Respublika Tatarstan)"]
[WhiteFideId "13509926"]
[BlackFideId "34188859"]
[EventDate "2020.11.19"]

1. d4 f5 2. Nf3 Nf6 3. Bf4 e6 4. e3 d5 5. c4 c6 6. Nbd2 Be7 7. Be2 O-O 8. O-O
Ne4 9. h3 b6 10. Rc1 Bb7 11. cxd5 exd5 12. Ne5 Ng5 13. Ndf3 Ne6 14. Bh2 c5 15.
Qa4 a6 16. dxc5 bxc5 17. Qb3 Ra7 18. Rfd1 a5 19. a4 Bf6 20. Nc4 Nd7 21. Nd6 Qb6
22. Qc2 g6 23. Nxb7 Qxb7 24. Bb5 Nb6 25. b3 Raa8 26. Ne5 Qg7 27. Nd3 Rac8 28.
Qd2 c4 29. Qxa5 Qb7 30. bxc4 dxc4 31. Ne5 c3 32. Rd6 Nc5 33. Qxb6 Qxb6 34. Rxb6
Nb3 35. Bc4+ Rxc4 36. Rxb3 1-0

[Event "TCh-RUS Women 2020"]
[Site "Sochi RUS"]
[Date "2020.11.23"]
[Round "5.2"]
[Board "3"]
[White "Nasyrova, Ekaterina"]
[Black "Guseva, Marina"]
[Result "0-1"]
[WhiteTitle "WFM"]
[BlackTitle "IM"]
[WhiteElo "2261"]
[BlackElo "2352"]
[WhiteTeam "Ladya (Respublika Tatarstan)"]
[BlackTeam "Yugra (KhMAO-Yugra)"]
[WhiteFideId "44157797"]
[BlackFideId "4149351"]
[EventDate "2020.11.19"]

1. Nf3 Nf6 2. c4 e6 3. Nc3 Bb4 4. Qc2 O-O 5. e3 d6 6. d4 Nbd7 7. a3 Bxc3+ 8.
Qxc3 b6 9. b3 Bb7 10. Bb2 Ne4 11. Qc2 f5 12. Bd3 Ndf6 13. h3 c5 14. Rg1 cxd4 15.
exd4 Rc8 16. g4 b5 17. gxf5 exf5 18. O-O-O bxc4 19. bxc4 Bd5 20. Kb1 Bxc4 21.
Nh4 Be6 22. Qe2 Qb6 23. Bxe4 Nxe4 24. d5 Nc3+ 25. Ka1 Nxe2 26. Rxg7+ Kh8 27.
Re7+ Nc3 0-1

[Event "TCh-RUS Women 2020"]
[Site "Sochi RUS"]
[Date "2020.11.23"]
[Round "5.2"]
[Board "4"]
[White "Kovanova, Baira"]
[Black "Bulatova, Kamaliya"]
[Result "1-0"]
[WhiteTitle "WGM"]
[BlackTitle "WFM"]
[WhiteElo "2323"]
[BlackElo "2143"]
[WhiteTeam "Yugra (KhMAO-Yugra)"]
[BlackTeam "Ladya (Respublika Tatarstan)"]
[WhiteFideId "4164083"]
[BlackFideId "34111546"]
[EventDate "2020.11.19"]

1. d4 Nf6 2. Nf3 g6 3. Bf4 Bg7 4. h3 O-O 5. e3 d6 6. Be2 c5 7. O-O Qb6 8. Qc1
Nd5 9. Bg5 cxd4 10. exd4 Bxd4 11. Nxd4 Qxd4 12. Rd1 Qc5 13. b4 Nxb4 14. Bxe7 Re8
15. Bxd6 Qxc2 16. Bxb4 Qxe2 17. Nc3 Qc4 18. Nd5 Re4 19. Ne7+ Kg7 20. Bc3+ Kf8
21. Nxc8 1-0

[Event "TCh-RUS Women 2020"]
[Site "Sochi RUS"]
[Date "2020.11.23"]
[Round "5.3"]
[Board "1"]
[White "Vasilevich, Tatjana"]
[Black "Protopopova, Anastasiya"]
[Result "1/2-1/2"]
[WhiteTitle "IM"]
[BlackTitle "WFM"]
[WhiteElo "2353"]
[BlackElo "2267"]
[WhiteTeam "Kimmeriya (Respublika Krym)"]
[BlackTeam "Moskovskaya oblast"]
[WhiteFideId "14101610"]
[BlackFideId "24172073"]
[EventDate "2020.11.19"]

1. d4 Nf6 2. Bg5 d5 3. Bxf6 gxf6 4. c4 dxc4 5. e3 c5 6. Bxc4 cxd4 7. exd4 Bg7 8.
Ne2 O-O 9. O-O Nc6 10. d5 Ne5 11. Bb3 b5 12. Nbc3 b4 13. Na4 Bd7 14. Nd4 Qa5 15.
a3 f5 16. Re1 bxa3 17. Rxa3 Nd3 18. Nc3 Qb4 19. Qxd3 Bxd4 20. Ba4 Bxc3 21. Qxc3
Qxc3 22. bxc3 Bxa4 23. Rxa4 Rfc8 24. Rxe7 Rxc3 25. g3 Rd3 26. Re5 Rd8 27. Rxf5
R3xd5 28. Rxd5 Rxd5 29. Rxa7 Kg7 30. Kg2 Kg6 31. Ra4 h5 32. h3 Rc5 33. Re4 Rb5
34. g4 hxg4 35. Rxg4+ Kh6 36. Kg3 Rb3+ 37. f3 Ra3 38. Rb4 Kg6 39. Kg4 Ra1 40.
Rb6+ f6 41. Rb8 Rg1+ 42. Kf4 Rh1 43. Rg8+ Kf7 44. Rg3 Ra1 45. Rg4 Rh1 46. h4 Rh3
47. Ke3 Rh2 48. Kf4 1/2-1/2